• 首页
  • 本馆介绍
  • 公告通知
  • 最新文献
  • 馆藏检索
  • 电子资源
  • 读者导购
  • 参考咨询
  • 我的图书馆
  • 登录
  • 详细信息显示
  • 放入我的书架
  • 预约/预借图书
  • 作者相关作品
  • 分类相关作品
  • 丛书相关作品
  • 出版社相关作品

书目信息

  • 表格格式
  • 工作单格式
  • 卡片格式
题名:
生命之谜
    
 
作者: ;科学普及出版社编辑部 , 中央人民广播电台科技组 编
分册:  
出版信息: 北京   科学普及出版社  1981
页数: 84页
开本: 19cm
丛书名:
单 册:
中图分类: Q10-49
科图分类:
主题词: 生命起源--普及读物
电子资源:
ISBN:
000 00744nam0 2200241 45
001 0181004959
005 20060811154611.09
010    @dCNY0.26
091    @a13051.1207
100    @a19950425d1981 em y0chiy0121 ea
101 0  @achi
102    @aCN@b110000
105    @ay z 000yy
200 10 @a生命之谜@Asheng ming zhi mi@f中央人民广播电台科技组, 科学普及出版社编辑部编
210    @a北京@c科学普及出版社@d1981
215    @a84页@d19cm
606    @a生命起源@x普及读物
690    @aQ10-49@v3
711 02 @a科学普及出版社编辑部@Ake xue pu ji chu ban she bian ji bu@4编
711 02 @a中央人民广播电台科技组@Azhong yang ren min guang bo dian tai ke ji zu@4编
801  2 @aCN@bNLC@c20060811
801  0 @aCN@bTSSF
905    @a10447@dQ10-49@e93
    
    生命之谜/中央人民广播电台科技组, 科学普及出版社编辑部编.-北京:科学普及出版社,1981
    84页;19cm
    
    
    ISBN :CNY0.26
    
●
相关链接 在E读中查询图书 在五车中查询图书 在当当中查询图书 在豆瓣中查询图书


正题名:生命之谜     索取号:Q10-49/93         预约/预借

序号 登录号 条形码 馆藏地/架位号 状态 备注
1 0452260   204522604   密集书库/ [索取号:Q10-49/93] 在馆    
唐山师范学院图书馆 欢迎您!
大连网信软件有限公司© 版权所有